Power Rangers Cast List Order Quiz Stats

 Plays Quiz not verified by Sporcle

Score 0/152 Timer 10:00
0 Plays Today
Season Ranger Cast Member % Correct
MMPR S1Jason
97.5%
MMPR S1Trini
90.5%
MMPR S1Zack
89.1%
MMPR S1Tommy
87.6%
MMPR S1Kimberly
87.6%
MMPR S1Billy
87.3%
MMPR S2 #2Kimberly
77%
MMPR S2 #2Billy
76%
MMPR S2 #2Tommy
73.5%
MMPR S2 #2Zack
73.1%
MMPR S2 #2Trini
72.7%
MMPR S2 #2Jason
72.4%
MMPR S2 #3 & MMPR S3 #1 Tommy
71.6%
MMPR S2 #3 & MMPR S3 #1 Billy
71.3%
MMPR S2 #3 & MMPR S3 #1 Kimberly
71.2%
MMPR S2 #3 & MMPR S3 #1 Adam
70.9%
MMPR S2 #3 & MMPR S3 #1 Rocky
70.5%
MMPR S2 #3 & MMPR S3 #1 Aisha
70.5%
MMPR S3 #2Katherine
69.1%
MMPR S3 #2Tommy
68.4%
MMPR S3 #2Billy
68.4%
MMPR S3 #2Adam
68%
ZeoKatherine
67.3%
MMPR S3 #2Rocky
67.3%
MMPR S3 #2Aisha
67.3%
ZeoTommy
67.3%
ZeoAdam
66.9%
ZeoRocky
66.9%
ZeoJason
66.5%
ZeoTanya
66.5%
Turbo #1 Adam
64%
Turbo #2Ashley
63.3%
Turbo #1 Tommy
63.3%
Turbo #1 Justin
63.3%
Turbo #1 Tanya
63.3%
Turbo #1 Katherine
62.9%
Turbo #2Justin
62.2%
SpaceAndros
62.2%
SpaceCassie
62.2%
SpaceAshley
61.9%
Turbo #2TJ
61.8%
Turbo #2Carlos
61.8%
Turbo #2Cassie
61.8%
SpaceZhane
61.1%
SpaceTJ
60.4%
SpaceCarlos
60.4%
GalaxyKai
59.7%
GalaxyLeo
58.9%
GalaxyDamon
58.5%
GalaxyMaya
58.2%
GalaxyKendrix
58.2%
Season Ranger Cast Member % Correct
GalaxyMike
57.5%
LightspeedChad
57.2%
GalaxyKarone
57.1%
Wild ForceCole
55.4%
Wild ForceMax
54.9%
Wild ForceTaylor
54.5%
Time ForceTrip
54.2%
Time ForceWes
54%
LightspeedCarter
53.8%
Time ForceJennifer
53.8%
Time ForceKatie
53.8%
LightspeedDana
53.5%
LightspeedRyan
53.5%
Time ForceEric
53.5%
Time ForceLucas
53.5%
Wild ForceDanny
53.5%
Ninja StormTori
53.5%
Ninja StormShane
53.2%
LightspeedKelsey
53.1%
LightspeedJoel
53.1%
Wild ForceAlyssa
53.1%
Wild ForceMerrick
52.7%
Ninja StormCameron
52.4%
Ninja StormHunter
52.4%
Ninja StormDustin
52.4%
Ninja StormBlake
52%
Dino ThunderConner
51.4%
Dino ThunderTommy
51.3%
Dino ThunderKira
51.3%
Dino ThunderTrent
50.9%
Dino ThunderEthan
50.9%
SPDSky
50.2%
SPDJack
50%
SPDBridge
49.8%
Mystic ForceNick
49.6%
SPDSydney
49.1%
SPDElizabeth
49.1%
Mystic ForceXander
49.1%
Mystic ForceChip
48.4%
Mystic ForceVida
48.4%
SPDDoggie
48%
Mystic ForceMadison
48%
OverdriveMack
45.7%
Mystic ForceDaggeron
44.7%
Jungle FuryCasey
44.6%
OverdriveWill
44.4%
Jungle FuryTheo
44.4%
Jungle FuryLily
44.4%
Jungle FuryRJ
44%
OverdriveVeronica
43.6%
OverdriveRose
43.3%
Season Ranger Cast Member % Correct
OverdriveDax
43.3%
Jungle FuryDominic
43.3%
RPMSummer
43.3%
RPMZiggy
42.5%
RPMScott
42.4%
Samurai/Super SamuraiJayden
42.4%
OverdriveTyzonn
42.2%
RPMDillon
41.8%
RPMFlynn
41.8%
Samurai/Super SamuraiMia
41.8%
MegaforceTroy
41.7%
RPMGemma
41.5%
RPMGem
41.5%
Samurai/Super SamuraiKevin
41.1%
Samurai/Super SamuraiMike
41.1%
MegaforceGia
41.1%
Samurai/Super SamuraiEmily
40.7%
Samurai/Super SamuraiAntonio
40%
Dino Charge/Super ChargeTyler
39.8%
Dino Charge/Super ChargeShelby
39.8%
MegaforceNoah
39.6%
MegaforceJake
39.3%
Super MegaforceGia
39.3%
Super MegaforceTroy
39.2%
MegaforceEmma
38.9%
SPDKat
37.9%
Super MegaforceEmma
37.5%
Dino Charge/Super ChargeKoda
37.4%
Super MegaforceNoah
37.1%
Super MegaforceJake
37.1%
Dino Charge/Super ChargeRiley
36.5%
Super MegaforceOrion
36.4%
Dino Charge/Super ChargeChase
35.5%
Dino Charge/Super ChargeIvan
35.3%
Mystic ForceUdonna
34.5%
Dino Charge/Super ChargeKendall
34.1%
Ninja Steel/Super SteelLevi
23.1%
Ninja Steel/Super SteelBrody
22.9%
Ninja Steel/Super SteelCalvin
20.8%
Ninja Steel/Super SteelHayley
19.8%
Ninja Steel/Super SteelPreston
19.8%
Ninja Steel/Super SteelSarah
18.8%
Beast MorphersDevon
18.8%
Beast MorphersRavi
18.8%
Beast MorphersZoey
18.8%
HyperForceMarvin
3.4%
HyperForceVesper
3.4%
HyperForceJack
3.4%
HyperForceChloe
3.4%
HyperForceEddie
3.4%

You're not logged in!

Compare scores with friends on all Sporcle quizzes.
OR
Log In

Show Comments

Extras

Created Mar 16, 2014ReportNominate
Tags:Cast Quiz, credit, order, power, ranger, season

Top Quizzes Today


Score Distribution

Your Account Isn't Verified!

In order to create a playlist on Sporcle, you need to verify the email address you used during registration. Go to your Sporcle Settings to finish the process.

Report this User

Report this user for behavior that violates our Community Guidelines.

Details: